Доки не розкриється брехня (Запис № 16761)

000 -Маркер запису
Контрольне поле сталої довжини 02413nam a22002537a 4500
003 - Належність контрольного номера
Контрольне поле Uzh_bibl
008 - Кодовані дані
Контрольне поле сталої довжини 260210b |||||||| |||| 00| 0 ukr d
020 ## - Індекс ISBN
ISBN 978-617-12-9319-9
Ціна 150.00
040 ## - Джерело каталогіз.
Код мови каталог. укр.
041 ## - Код мови видання
Код мови оригіналу українська
Код мови тексту українська
080 ## - Індекс УДК
Індекс УДК 821(520)
090 ## - Шифри
Поличний індекс 821(520)
Авторський знак К 12
100 ## - Автор
Автор Кавагуті,Тосікадзу
245 ## - Назва
Назва Доки не розкриється брехня
Відповідальність пер.з англ.Н.Гоїн
Фізичний носій Текст
260 ## - Вихідні дані
Місце видання Харків
Видавництво Сімейний Клуб"Клуб Сімейного Дозвілля"
Дата видання Текст
300 ## - Фізичний опис
Обсяг 208 с.
Тип одиниці В опр.
520 ## - Анотація
Анотація ажуть, у маленькому кафе «Funiculi Funicula» можна переміститися в часі, якщо забажати... І саме це бажання приводить до нього чотирьох різних людей. Закоханий чоловік із фатальним діагнозом вирішує помандрувати в майбутнє, щоб побачити, яким стане життя коханої без нього... чи все ж таки з ним? Старий детектив шукає змогу повернутися в минуле — для нього це єдиний шанс зробити щасливою свою дружину. А син, що не зміг попрощатися з матір’ю на її похороні, ладен віддати будь-що, аби потрапити в той день, коли вона була ще живою. Так само як і друг загиблого чоловіка, чию доньку він виховував як свою. І тепер у день весілля дівчини він прагне повернути час та подарувати їй можливість побачитися з батьком. Та мандрівки в часі можуть зруйнувати життя. Про це мовчки нагадує жінка, яка незмінно присутня в кафе, — колись вона не зуміла повернутися назад...
521 ## - Примітка про цільове призначення
Примітка про цільове призначення Для широкого кола читачів
546 ## - Примітка про мову
Примітка про мову укр.
650 ## - Тематичні рубрики
Основна рубрика Літературно-художне видання
653 ## - Ключові слова
Ключові слова Брехня
-- Кафе
-- Детектив
655 ## - Термін індексування — жанр/форма
Типове ділення роман
942 ## - ADDED ENTRY ELEMENTS (KOHA)
Джерело класифікації чи схема поличного розташування
Koha item type Книги
Фонди
Статус вилучення Статус втрати/відсутності Джерело класифікації чи схема поличного розташування Статус пошкодження Тип обігу (не для випозичання) Постійне розташування Поточне розташування Розташування у відділі Дата надходження Джерело надходження (постачальник) Інвентарний номер Total Checkouts Повний (примірниковий) шифр зберігання Штрих-код Date due Date last seen Date last checked out Дата, для якої чинна ціна заміни Тип одиниці (рівень примірника)
          Публічна бібліотека Публічна бібліотека Абонемент 05/02/2026 Подаровані 80680 1 821(520) 19142 12/04/2026 13/03/2026 13/03/2026 10/02/2026 Книги

Працює на АБІС Коха